=LDR 00000nam 2200000 4500 =001 INLIS000000000810125 =005 20251023090058 =035 ##$$a 0010-1025000108 =007 ta =008 251023###########################0###### =020 ##$$a 9789791286077 =082 ##$$a 297.211 =084 ##$$a 297.211 THA p =245 ##$$a Penjelasan Al-Aqidah Ath-Thahawiyah : $b Akidah Ahlus Sunnah wal Jamaah /$c Syaikh Dr.Shalih bin Fauzan al fauzan =260 ##$$a Jakarta : :$b Darul Haq, =300 ##$; $c 24 cm